000 00484nam a2200157Ia 4500
999 _c19755
_d19755
003 OSt
005 20200623111734.0
008 190216s9999||||xx |||||||||||||| ||und||
040 _coclc
082 _a954.03
_bSUN/I
100 _aSuntharalingam, R
_93119
245 0 _aIndian Nationalism An Historical Analysis /
_cR Suntharalingam
260 _bVikas Publishing House,
_c1983.
_aNew Delhi:
300 _a471p
942 _cBK
_2ddc
_h954.03
_iSUN/I
_k954.03
_mSUN/I